000 00528nam a2200193Ia 4500
005 20250508160408.0
008 008 250505s9999 xx 000 0 eng d
037 _aTextual
040 _aFEDL
_beng
_cFEDL
041 _aeng
_2eng
084 _a500, ASS
_qFEDL
245 0 _aScience books for a school library
245 0 _cAssociation for Science Education (London UK)
250 _a5
260 _aLondon, UK
_bJohn Murray
_c1968
300 _a70p
942 _cTEXL
_h500, ASS
999 _c1364345
_d1364345